| 000 | 00840 a2200193 4500 | ||
|---|---|---|---|
| 001 | 130574 | ||
| 020 | _a85-221-0408-5 | ||
| 040 | _cLeonardo Da Vinci | ||
| 041 | _aPortuguês | ||
| 082 |
_a330 M245i _bM245i |
||
| 100 | _aMANKIW, N. Gregory | ||
| 245 | _aIntrodução à Economia | ||
| 260 |
_bPioneira Thomsom Learning _c2005 _aSão Paulo |
||
| 300 | _a852 | ||
| 362 | _a20050000 | ||
| 500 | _aAllan Vidigal Hastings (Tradução) | ||
| 697 |
_aEconomia _aPrincípios _aGanhos Comerciais _aMercado _aOferta _aDemanda _aElasticidade _aPolíticas do Governo _aConsumidor _aProdutor _aComércio Internacional _aExternalidades _aBens Públicos _aRecursos _aMonopólio _aOligopólio _aMicroeconomia _aGanhos _aRenda Nacional _aPobreza _aMacroeconomia _aPoupança _aInvestimento _aDesemprego _aSistema Monetário _aMoeda _aInflação _aBrasil _aFIPEN |
||
| 942 | _cBK | ||
| 999 |
_c130574 _d130574 |
||